000 01938cam a22003974i 4500
003 PE-LiUPU
005 20250731175623.0
008 150623s1996 waua r 000 0 eng d
020 _a1880317494
035 _a(Sirsi) i9781880317495
040 _aPE-LiUPU
_bspa
_cPE-LiUPU
_erda
049 _aPRUA
082 0 4 _a411.09
_bM12
_221
100 1 _aMcCarter, Peter Kyle,
_eautor.
245 1 0 _aAncient inscriptions :
_bvoices from the Biblical world /
_cP. Kyle McCarter, Jr.
264 1 _aWashington, DC :
_bBiblical Archaeology Society,
_c1996.
300 _a179 páginas :
_bilustraciones, gráficos, mapas ;
_c29 centímetros
336 _atext
_2rdacontent
337 _aunmediated
_2rdamedia
338 _avolume
_2rdacarrier
505 0 _aCuneiform-wrting in Mesopotamia: the history and decipherment of cuneiform -- Mesopotamian inscriptions -- Hieroglyphic-Writing in Ancient Egypt: The history and decipherment of Egyptian hieroglyphic -- Egyptian inscriptions -- Alphabetic writing: The early development of the alphabet -- Israel'a Iron Age neighbors -- Hebrew inscriptions -- Inscriptions from the persian, Hellenistic and Roman Periods -- Inscriptions from early synagogues and churches -- Stamps, seals and bullae -- Coins -- Scrolls and Manuscripts -- List of maps.
526 _aP145
526 _aP127
526 _aP97
526 _aP35
526 _aP14
526 _aP07
650 1 4 _aEscritura
_xHistoria.
650 2 4 _aInscripciones
_zOriente Medio.
942 _2ddc
_cBOOK
949 _a411.09 M12
_wDEWEY
_c1
_i44972
_lCCODEBUL1
_mBUL
_r0
_sY
_tBOOK
_u2015-6-24
_xTEOLOGIA
_PP35
_0COMPRA
_o.STAFF. Colección Teología
994 _aC0
_bPEPRU
596 _a1
999 _a411.09 M12
_wDEWEY
_c21849
_i44972
_f2021-11-8
_g5
_lCCODEBUL1
_mBUL
_p30.00
_r0
_sY
_tBOOK
_u2015-6-24
_xEDUCACION
_PP35
_0COMPRA
_o.STAFF. Colección Teología
_d21849
980 _81
_gALBERTO SANCHEZ Responsable de Automatización